Sports Quiz

Random Sports or Tennis Quiz

First-time Women's Grand Slam Semifinalists, 2013-2018 Quiz Stats

 Plays Quiz not verified by Sporcle

Score 0/24 Timer 06:00
0 Plays Today
Year, Tournament Player % Correct
2018 US Open (The Younger One)Naomi Osaka
87.1%
2018 US Open (The Older One)Anastasija Sevastova
78.5%
2013 Australian OpenSloane Stephens
69.8%
2017 French OpenJelena Ostapenko
68.6%
2014 French Open (The Younger One)Simona Halep
61.3%
2014 Australian OpenEugenie Bouchard
53.7%
2016 US OpenKarolina Pliskova
53.4%
2015 US OpenRoberta Vinci
52.1%
2015 Australian OpenMadison Keys
51.3%
2018 Australian OpenElise Mertens
50.6%
2018 WimbledonJulia Goerges
50.1%
2017 Australian OpenCoCo Vandeweghe
49.3%
Year, Tournament Player % Correct
2015 WimbledonGarbine Muguruza
46.9%
2013 WimbledonKirsten Flipkens
41.8%
2016 Australian OpenJohanna Konta
41.8%
2017 WimbledonMagdalena Rybarikova
41.1%
2014 French Open (The Older One)Andrea Petkovic
38.2%
2016 French OpenKiki Bertens
38.2%
2016 WimbledonElena Vesnina
35.4%
2014 WimbledonLucie Safarova
34.1%
2013 US OpenFlavia Pennetta
33.6%
2014 US Open (The Older One)Peng Shuai
30.6%
2015 French OpenTimea Bacsinszky
30.6%
2014 US Open (The Younger One)Ekaterina Makarova
29.7%

You're not logged in!

Compare scores with friends on all Sporcle quizzes.
OR
Log In

Sporcle TV

Today on Sporcle TV


Watch our educational content, quiz creation guides, and fun videos on Sporcle TV.

Show Comments

Extras

Top Quizzes Today


Score Distribution

Your Account Isn't Verified!

In order to create a playlist on Sporcle, you need to verify the email address you used during registration. Go to your Sporcle Settings to finish the process.

Report this User

Report this user for behavior that violates our Community Guidelines.

Details: